[Event "Titled Tuesday intern op 27th Jun Early"]
[Site "Chess.com INT"]
[Date "2023.06.27"]
[Round "2"]
[White "Bueno, Alfeu Varela Jr"]
[Black "Rodriguez, Santiago"]
[Result "0-1"]
[WhiteElo "2135"]
[BlackElo "2252"]
[PlyCount "62"]
[EventDate "2023.06.27"]
[EventType "swiss (blitz)"]
[EventRounds "11"]
[EventCountry "USA"]
[SourceTitle "EXT 2024"]
[Source "ChessBase"]
[SourceDate "2023.10.10"]
[SourceVersion "1"]
[SourceVersionDate "2023.10.10"]
[SourceQuality "1"]

1. e4 c5 2. Nc3 Nc6 3. f4 e6 4. Nf3 a6 5. g3 Nf6 6. Bg2 d5 7. exd5 exd5 8. 0-0 Be7 9. Ne5 0-0 10. Nxc6 bxc6 11. d3 Rb8 12. Rb1 Bg4 13. Qe1 Re8 14. Qf2 Qa5 15. Bd2 Qb6 16. f5 Bd6 17. h3 Be5 18. hxg4 Bd4 19. Bf3 Bxf2+ 20. Rxf2 c4 21. dxc4 Ne4 22. Bxe4 dxe4 23. Bf4 Rbd8 24. b4 Qd4 25. Rb3 Qxc4 26. Re2 h6 27. Kf2 c5 28. bxc5 Qxc5+ 29. Be3 Qc4 30. Bb6 Rb8 31. a4 Rxb6 0-1

[Event "Titled Tuesday intern op 27th Jun Early"]
[Site "Chess.com INT"]
[Date "2023.06.27"]
[Round "1"]
[White "Rodriguez, Santiago"]
[Black "Kozak, Adam"]
[Result "0-1"]
[WhiteElo "2252"]
[BlackElo "2571"]
[PlyCount "82"]
[EventDate "2023.06.27"]
[EventType "swiss (blitz)"]
[EventRounds "11"]
[EventCountry "USA"]
[SourceTitle "EXT 2024"]
[Source "ChessBase"]
[SourceDate "2023.10.10"]
[SourceVersion "1"]
[SourceVersionDate "2023.10.10"]
[SourceQuality "1"]

1. d4 Nf6 2. Bg5 c5 3. d5 b5 4. Bxf6 exf6 5. a4 b4 6. Nd2 f5 7. Nc4 d6 8. g3 g6 9. Bg2 Bg7 10. Nh3 Ba6 11. b3 0-0 12. Nf4 Bxc4 13. bxc4 Bxa1 14. Qxa1 Nd7 15. h4 Qf6 16. Qc1 Rfe8 17. h5 g5 18. Nd3 h6 19. 0-0 Nb6 20. f4 g4 21. e4 fxe4 22. Nf2 Qf5 23. Re1 e3 24. Rxe3 Nxc4 25. Rxe8+ Rxe8 26. Qf1 Ne3 27. Qb5 Kf8 28. Qa6 Qf6 29. Ne4 Rxe4 30. Bxe4 Nd1 31. Qc8+ Ke7 32. Qc7+ Ke8 33. Qc8+ Qd8 34. Qxg4 Nc3 35. Bg6 Qd7 36. f5 Kf8 37. Qf4 fxg6 38. Qxh6+ Qg7 39. Qf4 Qd4+ 40. Kh2 Qxf4 41. gxf4 gxh5 0-1

[Event "Titled Tuesday intern op 13th Jun Late"]
[Site "Chess.com INT"]
[Date "2023.06.13"]
[Round "6"]
[White "Grutter, Tim"]
[Black "Rodriguez, Santiago"]
[Result "1-0"]
[WhiteElo "2300"]
[BlackElo "2252"]
[PlyCount "167"]
[EventDate "2023.06.13"]
[EventType "swiss (blitz)"]
[EventRounds "11"]
[EventCountry "USA"]
[SourceTitle "EXT 2024"]
[Source "ChessBase"]
[SourceDate "2023.10.10"]
[SourceVersion "1"]
[SourceVersionDate "2023.10.10"]
[SourceQuality "1"]

1. d4 Nf6 2. Nc3 d5 3. Bf4 c6 4. e3 Bf5 5. f3 e6 6. g4 Bg6 7. h4 h5 8. g5 Nfd7 9. Bd3 Bxd3 10. Qxd3 g6 11. 0-0-0 Qa5 12. e4 Bb4 13. Nge2 b5 14. a3 Be7 15. Rhe1 0-0 16. exd5 cxd5 17. Qxb5 Qxb5 18. Nxb5 Nc6 19. Nc7 Rac8 20. Na6 Nb6 21. Nc5 Nxd4 22. Nxd4 Bxc5 23. Nb3 Bf2 24. Re2 Bxh4 25. Rh1 e5 26. Rxe5 Bf2 27. Re2 Rc4 28. Bh2 Bh4 29. Bd6 Bxg5+ 30. Kb1 Rd8 31. Be7 Re8 32. Rhe1 Bxe7 33. Rxe7 Rxe7 34. Rxe7 h4 35. Nd2 Rf4 36. b3 h3 37. Re2 Rh4 38. Rh2 Nd7 39. Kc1 Ne5 40. Kd1 Kf8 41. Ke2 Ke7 42. Kf2 Kd6 43. Kg3 g5 44. Rxh3 Rxh3+ 45. Kxh3 f5 46. Kg3 f4+ 47. Kf2 Kc5 48. Ke2 Kd4 49. Nb1 a5 50. c3+ Kc5 51. Nd2 a4 52. bxa4 Nc4 53. Nb3+ Kd6 54. Kd3 Nxa3 55. a5 Nb5 56. c4 dxc4+ 57. Kxc4 Nc7 58. Nd2 Ke5 59. Kc5 Kf5 60. Kb6 Nd5+ 61. Kc5 Nc7 62. Kc6 Na6 63. Kb5 Nb8 64. Kb6 g4 65. fxg4+ Kxg4 66. Kb7 Nd7 67. Ne4 f3 68. Kc7 Nc5 69. Nd2 f2 70. Kb6 Nb3 71. Nf1 Kf3 72. a6 Kg2 73. a7 Kxf1 74. a8Q Kg1 75. Qg8+ Kh2 76. Qh7+ Kg1 77. Qg6+ Kh1 78. Qh5+ Kg1 79. Qg4+ Kf1 80. Kb5 Nd2 81. Kb4 Ke1 82. Qe6+ Kd1 83. Qg4+ Kc2 84. Qf5+ 1-0

[Event "Titled Tuesday intern op 13th Jun Late"]
[Site "Chess.com INT"]
[Date "2023.06.13"]
[Round "8"]
[White "Rodriguez, Santiago"]
[Black "Martin Fuentes, Alberto"]
[Result "1-0"]
[WhiteElo "2252"]
[BlackElo "2388"]
[PlyCount "63"]
[EventDate "2023.06.13"]
[EventType "swiss (blitz)"]
[EventRounds "11"]
[EventCountry "USA"]
[SourceTitle "EXT 2024"]
[Source "ChessBase"]
[SourceDate "2023.10.10"]
[SourceVersion "1"]
[SourceVersionDate "2023.10.10"]
[SourceQuality "1"]

1. d4 Nf6 2. Bg5 c5 3. d5 e6 4. Nc3 Qb6 5. e4 h6 6. Bxf6 gxf6 7. Bc4 Qxb2 8. Nge2 a6 9. a4 Qb4 10. Qd3 Qa5 11. 0-0 d6 12. dxe6 fxe6 13. e5 Qc7 14. exf6 Nc6 15. Nf4 Ne5 16. Qe2 Qf7 17. Ne4 Nxc4 18. Qxc4 d5 19. Qe2 dxe4 20. Qxe4 Bd6 21. Nd5 0-0 22. Nb6 Rb8 23. Rad1 Bc7 24. Qg4+ Kh8 25. Nc4 Qxf6 26. Rd3 e5 27. Qh5 e4 28. Rh3 Bxh3 29. Qxh3 Rbe8 30. Ne3 Rg8 31. Nd5 Qe5 32. Qxh6# 1-0

[Event "Titled Tuesday intern op 06th Jun Early"]
[Site "Chess.com INT"]
[Date "2023.06.06"]
[Round "1"]
[White "Rodriguez, Santiago"]
[Black "Kukhmazov, Arsen"]
[Result "1-0"]
[WhiteElo "2252"]
[BlackElo "2502"]
[PlyCount "82"]
[EventDate "2023.06.06"]
[EventType "swiss (blitz)"]
[EventRounds "11"]
[EventCountry "USA"]
[SourceTitle "EXT 2024"]
[Source "ChessBase"]
[SourceDate "2023.10.10"]
[SourceVersion "1"]
[SourceVersionDate "2023.10.10"]
[SourceQuality "1"]

1. d4 d5 2. Nc3 c6 3. Bf4 b5 4. e3 a5 5. Nf3 e6 6. Bd3 Nf6 7. 0-0 a4 8. a3 Nbd7 9. h3 Be7 10. e4 dxe4 11. Nxe4 Nxe4 12. Bxe4 Bb7 13. Ne5 Rc8 14. Qf3 Nxe5 15. dxe5 Qc7 16. Qg4 g6 17. Qf3 Rb8 18. Rad1 c5 19. Rd3 c4 20. Rd6 Bxe4 21. Qxe4 Bxd6 22. exd6 Qd7 23. Rd1 0-0 24. Bh6 Rfd8 25. Qe5 f6 26. Qxf6 Qf7 27. Qe5 Rd7 28. g4 b4 29. axb4 Rxb4 30. Rd4 Rxb2 31. Rf4 Rb1+ 32. Kg2 Qe8 33. Rf8+ Qxf8 34. Bxf8 a3 35. Qxe6+ Rf7 36. d7 Rd1 37. Bxa3 Rdxd7 38. Qe8+ Kg7 39. Bb2+ Kh6 40. Qe3+ g5 41. h4 Rde7 1-0

[Event "Titled Tuesday intern op 23rd May Late"]
[Site "Chess.com INT"]
[Date "2023.05.23"]
[Round "11"]
[White "Loiacono, Leonardo"]
[Black "Rodriguez, Santiago"]
[Result "1/2-1/2"]
[WhiteElo "2301"]
[BlackElo "2252"]
[PlyCount "112"]
[EventDate "2023.05.23"]
[EventType "swiss (blitz)"]
[EventRounds "11"]
[EventCountry "USA"]
[SourceTitle "EXT 2024"]
[Source "ChessBase"]
[SourceDate "2023.10.10"]
[SourceVersion "1"]
[SourceVersionDate "2023.10.10"]
[SourceQuality "1"]

1. d4 Nf6 2. c4 e6 3. Nc3 Bb4 4. Qc2 0-0 5. Nf3 c5 6. dxc5 Nc6 7. a3 Bxc5 8. b4 Nd4 9. Nxd4 Bxd4 10. e3 Bb6 11. Bd3 d6 12. 0-0 Qe7 13. Bb2 Bd7 14. Rfd1 Rac8 15. Rac1 h6 16. h3 a6 17. Ne4 Nxe4 18. Bxe4 d5 19. Bd3 dxc4 20. Bxc4 Bb5 21. Qb3 Bxc4 22. Rxc4 Rxc4 23. Qxc4 Rd8 24. Rc1 Qd6 25. Qg4 e5 26. Rc8 g6 27. Rxd8+ Qxd8 28. Bxe5 Qd5 29. Qf4 Bd8 30. Bd4 Kh7 31. a4 b5 32. axb5 axb5 33. Qb8 g5 34. g3 Kg6 35. Qc8 h5 36. Qc2+ Qf5 37. Qxf5+ Kxf5 38. f3 Be7 39. Bc3 Ke6 40. e4 f5 41. exf5+ Kxf5 42. Kf2 Ke6 43. g4 hxg4 44. hxg4 Kd5 45. Ke3 Kc4 46. Be1 Bxb4 47. Bxb4 Kxb4 48. f4 gxf4+ 49. Kxf4 Kc3 50. g5 b4 51. g6 b3 52. g7 b2 53. g8Q b1Q 54. Qc8+ Kb2 55. Qb7+ Kc1 56. Qxb1+ Kxb1 1/2-1/2

[Event "Titled Tuesday intern op 23rd May Late"]
[Site "Chess.com INT"]
[Date "2023.05.23"]
[Round "10"]
[White "Masague Artero, Guerau"]
[Black "Rodriguez, Santiago"]
[Result "0-1"]
[WhiteElo "2302"]
[BlackElo "2252"]
[PlyCount "128"]
[EventDate "2023.05.23"]
[EventType "swiss (blitz)"]
[EventRounds "11"]
[EventCountry "USA"]
[SourceTitle "EXT 2024"]
[Source "ChessBase"]
[SourceDate "2023.10.10"]
[SourceVersion "1"]
[SourceVersionDate "2023.10.10"]
[SourceQuality "1"]

1. e4 c5 2. Nc3 Nc6 3. Bb5 Nd4 4. Nf3 Nxb5 5. Nxb5 d6 6. 0-0 a6 7. Nc3 Nf6 8. d4 cxd4 9. Nxd4 e5 10. Nb3 h6 11. h3 Be6 12. Be3 Be7 13. Qd3 0-0 14. Rfd1 Rc8 15. a4 Qc7 16. a5 Qc4 17. Ra4 Qxd3 18. Rxd3 Rc6 19. Rb4 Rc7 20. Ra4 Rfc8 21. Nd2 Kf8 22. f4 exf4 23. Bxf4 Rc6 24. Rad4 Rc5 25. Bxd6 Bxd6 26. Rxd6 Rxa5 27. Rd8+ Rxd8 28. Rxd8+ Ke7 29. Rb8 b5 30. e5 Nd7 31. Rb7 Ra1+ 32. Kf2 Rc1 33. Nce4 Rxc2 34. b4 Bd5 35. Ra7 Bxe4 36. Ke3 Bxg2 37. h4 Rc6 38. Nb3 Bd5 39. Nc5 Be6 40. Nxa6 Kd8 41. Ra8+ Ke7 42. Ra7 Kd8 43. Ra8+ Rc8 44. Ra7 Nxe5 45. Nc5 Nd7 46. Ne4 Rc4 47. Nd6 Rxb4 48. Ra8+ Kc7 49. Ne8+ Kb7 50. Ra1 Rxh4 51. Nxg7 Nf6 52. Rf1 Nd5+ 53. Kd2 Rh3 54. Ne8 b4 55. Rb1 Rh2+ 56. Kd3 Kc6 57. Kd4 Rh4+ 58. Ke5 Rh5+ 59. Kd4 Rh4+ 60. Ke5 Rh3 61. Ng7 Re3+ 62. Kd4 Rh3 63. Rb2 b3 64. Rd2 Kb5 0-1

[Event "Titled Tuesday intern op 23rd May Early"]
[Site "Chess.com INT"]
[Date "2023.05.23"]
[Round "3"]
[White "Rodriguez, Santiago"]
[Black "Sielecki, Christof"]
[Result "1/2-1/2"]
[WhiteElo "2252"]
[BlackElo "2419"]
[PlyCount "85"]
[EventDate "2023.05.23"]
[EventType "swiss (blitz)"]
[EventRounds "11"]
[EventCountry "USA"]
[SourceTitle "CBM 214 Extra"]
[Source "ChessBase"]
[SourceDate "2023.07.31"]
[SourceVersion "1"]
[SourceVersionDate "2023.07.31"]
[SourceQuality "1"]

1. d4 d5 2. Bf4 Nf6 3. e3 e6 4. Nf3 Bd6 5. Ne5 0-0 6. Nd2 c5 7. c3 Nc6 8. Bd3 Qc7 9. Ndf3 cxd4 10. cxd4 Qa5+ 11. Ke2 Nb4 12. Qd2 Ne4 13. Bxe4 dxe4 14. Ng5 Bxe5 15. Bxe5 f6 16. a3 Qb5+ 17. Kd1 Nd3 18. Bd6 Qxg5 19. Bxf8 Kxf8 20. f3 Bd7 21. fxe4 Ba4+ 22. Ke2 Qh5+ 23. Kf1 Bb5 24. Kg1 Rc8 25. h3 Qg6 26. Kh2 Qxe4 27. a4 Bc6 28. b4 Bd5 29. Rhd1 Bc4 30. b5 Kf7 31. Ra3 f5 32. Rxd3 Bxd3 33. Qxd3 Ke7 34. Qa3+ Kf7 35. Rc1 Rxc1 36. Qxc1 g5 37. Qc7+ Kf6 38. Qd8+ Kg6 39. Qe8+ Kf6 40. Qf8+ Kg6 41. Qe8+ Kf6 42. Qf8+ Kg6 43. Qe8+ 1/2-1/2

[Event "Titled Tuesday intern op 23rd May Late"]
[Site "Chess.com INT"]
[Date "2023.05.23"]
[Round "4"]
[White "Sariego Figueredo, Wilfredo"]
[Black "Rodriguez, Santiago"]
[Result "0-1"]
[WhiteElo "2318"]
[BlackElo "2252"]
[PlyCount "46"]
[EventDate "2023.05.23"]
[EventType "swiss (blitz)"]
[EventRounds "11"]
[EventCountry "USA"]
[SourceTitle "EXT 2024"]
[Source "ChessBase"]
[SourceDate "2023.10.10"]
[SourceVersion "1"]
[SourceVersionDate "2023.10.10"]
[SourceQuality "1"]

1. d4 Nf6 2. Bf4 d6 3. Nc3 g6 4. e4 Bg7 5. Qd2 c6 6. Bh6 Bxh6 7. Qxh6 Qa5 8. Bd3 b5 9. Nf3 b4 10. Ne2 Bg4 11. Ng5 Bxe2 12. Kxe2 Nbd7 13. Qg7 0-0-0 14. Nxf7 Qh5+ 15. f3 Rhg8 16. Qh6 Rdf8 17. Qxh5 gxh5 18. Nh6 Rxg2+ 19. Ke3 e5 20. Nf5 exd4+ 21. Nxd4 Ne5 22. Rhg1 Nfg4+ 23. fxg4 Nxg4# 0-1

[Event "Titled Tuesday intern op 09th May Early"]
[Site "Chess.com INT"]
[Date "2023.05.09"]
[Round "3"]
[White "Rodriguez, Santiago"]
[Black "Aaditya, Dhingra"]
[Result "1-0"]
[WhiteElo "2252"]
[BlackElo "2027"]
[PlyCount "57"]
[EventDate "2023.05.09"]
[EventType "swiss (blitz)"]
[EventRounds "11"]
[EventCountry "USA"]
[SourceTitle "CBM 214 Extra"]
[Source "ChessBase"]
[SourceDate "2023.07.31"]
[SourceVersion "1"]
[SourceVersionDate "2023.07.31"]
[SourceQuality "1"]

1. d4 d5 2. Bf4 Nf6 3. e3 c5 4. c3 Nc6 5. Nd2 e6 6. Bd3 Bd6 7. Bxd6 Qxd6 8. f4 cxd4 9. cxd4 Bd7 10. Ngf3 Nb4 11. Bb1 Bb5 12. Ne5 0-0 13. a3 Nc6 14. Kf2 Rac8 15. g4 Ne7 16. g5 Nd7 17. Ndf3 Nf5 18. Nxd7 Qxd7 19. Ne5 Qe7 20. Bxf5 exf5 21. Qb3 Bc4 22. Qb4 Qe6 23. b3 Ba6 24. Rac1 Rfe8 25. h4 f6 26. gxf6 gxf6 27. Rhg1+ Kh8 28. Rxc8 Rxc8 29. Qd6 1-0